| 000 | 00464 a2200157 4500 | ||
|---|---|---|---|
| 008 | 240418b ||||| |||| 00| 0 eng d | ||
| 020 | _a9789966064202 | ||
| 050 |
_aHJ3043 _b.S24 2023 |
||
| 100 | _a Sagwa, Ndeda Philip | ||
| 245 |
_aCPA Advanced Level Revision partner: _cPhilip Sagwa Ndeda _b Advanced Taxation/ |
||
| 250 | _a12th | ||
| 260 |
_bManifested Publishers _c2023 _aNairobi |
||
| 300 |
_ax, 260 p.; _c30 cm. |
||
| 650 | _aTaxation | ||
| 942 |
_cBK _2lcc |
||
| 999 |
_c59172 _d59172 |
||